00961nam a2200277 a 450000100100000000500170001000800410002702000150006804100090008309000130009210000300010524500880013525000120022326000370023530000120027249000110028450000370029550000680033265000220040065000240042265000260044665000300047270000260050299900150052895201400054300005469820200120222911.0050413s2006 ve a br 000 p spa d a98069930200 a*spa aPbPOMlp1 aPombo, Rafaeld1833-1912.10aLetras minúsculas :bun poema /cRafael Pombo ; ilustraciones de Gerald Espinoza. a1a. ed. aCaracas :bEdiciones B,c[2006]. a[28] p.0 aIguana aTítulo tomado de la carátula aEj.1 de Mosquera donado por la Biblioteca Nacional - PNLB 2012.14aPoesía infantil24aLiteratura infantil24aLiteratura Colombiana24aLetrasxPoesía infantil1 aEspinoza, Geraldetr. c4270d4270 00102ddc40708LIaBPMOSbBPMOSd2020-01-20l3m3oP POMlppMOS001631r2025-07-26s2025-05-21tej.1w2020-01-20yBKLITzQuince días